00746nam a22001937i 4500003000900000005001700009007000300026008004100029040003000070041000800100082001900108245004900127264005600176300002800232336002700260337003300287338002800320500020400348DO-SdBNP20251201093147.0ta201120b1973 dr ||||e |||| 00| 0 esp d aDO-SdBNPbspacBNPHUerda hspa axxxbM637p222 aMil preguntas y respuestas a línea directa a[Ciudad desconocida] :b[Listín Diario.] ,c1973. a206 páginas. ;c18 cm ardacontentbtexto2txt ardamediabsin mediación2n ardacarrierbvolumen2nc aUna recopilación de las mil preguntas más interesantes hechas a la sección "lineas directas del periódico Listín Diario, desde su inicio al 29 de marzo del 1969 al 31 de diciembre de 1970.